000 00489nab a2200145Ia 4500
003 ES-SlBCS
005 20210601133738.0
008 140529s2004 xxu||||| |||| 00| 0 por d
041 _apor
100 1 _aCunha Botelho, Octávio da
_9209112
245 0 0 _aO Início da reflexao do conhecimento sobre si mesmo na Índia antiga
_c Octávio da Cunha Botelho
650 0 4 _aAnvikshiki
_9209113
773 0 _tEducaçao e Filosofia
_gvol. 18, nº. 35-36, 2004, págs. 259-278
_wRev1534
942 _cAR
999 _c601443
_d601443